Statistics for A Gentleman in Moscow - Famous Foursomes

Click here to take the quiz!

General Stats

  • This quiz has been taken 6 times
  • The average score is 22 of 36

Answer Stats

CategoryAnswer% Correct
The Four SeasonsSummer
100%
The Four SeasonsAutumn
100%
The Four Card SuitsSpades
100%
The Four Card SuitsHearts
100%
The Four Card SuitsClubs
100%
The Four Card SuitsDiamonds
100%
The Four Cardinal DirectionsWest
100%
The Four Cardinal DirectionsEast
100%
The Four Cardinal DirectionsSouth
100%
The Four Cardinal DirectionsNorth
100%
The Four SeasonsSpring
100%
The Four SeasonsWinter
100%
The Four ElementsWater
83%
The Four ElementsAir
83%
The Four EvangelistsLuke
83%
The Four EvangelistsJohn
83%
The Four EvangelistsMark
83%
The Four EvangelistsMatthew
83%
The Four Voice TypesTenor
67%
The Four Voice TypesBass
67%
The Four Voice TypesAlto
67%
The Four Voice TypesSoprano
67%
The Four ElementsEarth
67%
The Four ElementsFire
67%
The Four HumorsBlood
33%
The Four WindsEuros
33%
The Four HumorsPhlegm
17%
The Four WindsNotos
0%
The Four WindsZephyrus
0%
The Four HumorsYellow Bile
0%
The Four HumorsBlack Bile
0%
The Four WindsBoreas
0%
The Four Horsemen of the ApocalypseWhite
0%
The Four Horsemen of the ApocalypseRed
0%
The Four Horsemen of the ApocalypseBlack
0%
The Four Horsemen of the ApocalypsePale
0%

Score Distribution

Percentile by Number Answered

Percent of People with Each Score

Your Score History

You have not taken this quiz